Curso de impuestos (Registro nro. 6436)

Detalles MARC
000 -LEADER
fixed length control field 00904 a2200205 4500
001 - CONTROL NUMBER
control field 58512
005 - DATE AND TIME OF LATEST TRANSACTION
control field 20260407155841.0
008 - FIXED-LENGTH DATA ELEMENTS--GENERAL INFORMATION
fixed length control field 260407a1957 arg spa d
003 - CONTROL NUMBER IDENTIFIER
control field AR-UNSa-BCEJYS
040 ## - CATALOGING SOURCE
Original cataloging agency AR-UNSa-BCEJYS
Language of cataloging spa
Transcribing agency AR-UNSa-BCEJYS
080 ## - UNIVERSAL DECIMAL CLASSIFICATION NUMBER
Universal Decimal Classification number 336.22
Common auxiliary subdivision Impuestos
041 ## - LANGUAGE CODE
Language code of text/sound track or separate title spa
100 1# - MAIN ENTRY--PERSONAL NAME
Personal name Jarach, Dino
245 10 - TITLE STATEMENT
Title Curso de impuestos
264 #1 - PRODUCTION, PUBLICATION, DISTRIBUTION, MANUFACTURE, AND COPYRIGHT NOTICE
Place of production, publication, distribution, manufacture Buenos Aires :
Name of producer, publisher, distributor, manufacturer Liceo Profesional Cima
Date of production, publication, distribution, manufacture, or copyright notice 1957
300 ## - PHYSICAL DESCRIPTION
Extent 7 v.
Dimensions 25 cm.
505 ## - FORMATTED CONTENTS NOTE
Formatted contents note Vol. I: Doctrina, Ejercicios de aplicación, Problemas y soluciones -- Vol. II: Doctrina, Ejercicios de aplicación, Problemas y soluciones -- Vol. III: Beneficios extraordinarios -- Vol. IV: Impuesto sustitutivo del gravamen a la transmisión gratuita de bienes -- Vol. V: Problemas -- Vol. VI: Soluciones -- Vol. VII: Indice temático-alfabético -- Vol VII/I: Actualizaciones
590 ## - LOCAL NOTE (RLIN)
Local note niveau_biblio:m niveau_hierar:0
942 ## - ADDED ENTRY ELEMENTS (KOHA)
Koha item type
Existencias
Withdrawn status Lost status Damaged status Not for loan Home library Current library Shelving location Date acquired Total checkouts Full call number Barcode Date last seen Price effective from Koha item type
        Biblioteca Prof. Eusebio Cleto del Rey Biblioteca Prof. Eusebio Cleto del Rey   07/04/2026   336.22 J37c v.1 L20079 07/04/2026 07/04/2026 Libro
        Biblioteca Prof. Eusebio Cleto del Rey Biblioteca Prof. Eusebio Cleto del Rey   07/04/2026   336.22 J37c v.2 L20080 07/04/2026 07/04/2026 Libro
        Biblioteca Prof. Eusebio Cleto del Rey Biblioteca Prof. Eusebio Cleto del Rey   07/04/2026   336.22 J37c v.3 L20081 07/04/2026 07/04/2026 Libro
        Biblioteca Prof. Eusebio Cleto del Rey Biblioteca Prof. Eusebio Cleto del Rey   07/04/2026   336.22 J37c v.4 L20082 07/04/2026 07/04/2026 Libro
        Biblioteca Prof. Eusebio Cleto del Rey Biblioteca Prof. Eusebio Cleto del Rey   07/04/2026   336.22 J37c v.5 L20083 07/04/2026 07/04/2026 Libro
        Biblioteca Prof. Eusebio Cleto del Rey Biblioteca Prof. Eusebio Cleto del Rey   07/04/2026   336.22 J37c v.6 L20084 07/04/2026 07/04/2026 Libro
        Biblioteca Prof. Eusebio Cleto del Rey Biblioteca Prof. Eusebio Cleto del Rey   07/04/2026   336.22 J37c v.7 L20085 07/04/2026 07/04/2026 Libro
        Biblioteca Prof. Eusebio Cleto del Rey Biblioteca Prof. Eusebio Cleto del Rey   07/04/2026   336.22 J37c v.7/1 L20086 07/04/2026 07/04/2026 Libro